Плодоводство (ბიბ.ჩანაწერი № 46432)
[ მარტივი ფორმატი ]
| 000 -LEADER | |
|---|---|
| fixed length control field | 00407nam a2200145Ia 4500 |
| 001 - CONTROL NUMBER | |
| control field | 13270 |
| 003 - CONTROL NUMBER IDENTIFIER | |
| control field | GE_BSU |
| 008 - FIXED-LENGTH DATA ELEMENTS--GENERAL INFORMATION | |
| fixed length control field | 181216s||||||||xx |||||||||||||| ||und|| |
| 040 ## - CATALOGING SOURCE | |
| Transcribing agency | GE_BSU |
| 245 ## - TITLE STATEMENT | |
| Title | Плодоводство |
| 245 ## - TITLE STATEMENT | |
| Remainder of title | Учебник |
| 245 ## - TITLE STATEMENT | |
| Statement of responsibility, etc. | Под.ред.З.И.Якушева. Ред. З.И.Уткина.Худ.Р.Р.Вейлерт |
| 653 ## - INDEX TERM--UNCONTROLLED | |
| Uncontrolled term | Плодоводство |
| 942 ## - ADDED ENTRY ELEMENTS (KOHA) | |
| Koha item type | წიგნი |
არაა ხელმისაწვდომი ეგზემპლარები.
